000 00515nam a22001817a 4500
003 UA-OsUOA
001 16549
007 ta
008 20040114b un ||||| |||| 00| 0 ukr d
100 _aБондарчук Я.
942 _cSA
040 _aUA-OsUOA
_cUA-OsUOA
_dUA-OsUOA
245 _aКнязь Данило з Острога [ХIV]
300 _aС.48
955 _a0
773 0 _w0
_tВолання з Волині
_dОстріг
_d2003
_g№5/Верес.-Жовт./
650 7 _aВидатні діячі
_2UDC
999 _c302714
_d302714